[Event "T-Director's Swiss sytem"]
[Site "playchess.com #662980"]
[Date "2014.03.16"]
[Round "8"]
[White "Pierre-Basile76"]
[Black "MatildaAB"]
[Result "1-0"]
[WhiteElo "1854"]
[BlackElo "2097"]
[PlyCount "153"]
[EventDate "2014.03.16"]
[EventType "swiss (blitz)"]

1. e4 {[%emt 0:00:03]} e5 {[%emt 0:00:01]} 2. Nf3 {[%emt 0:00:01]} Nc6 {[%emt
0:00:02]} 3. Bc4 {[%emt 0:00:01]} Bc5 {[%emt 0:00:02]} 4. c3 {[%emt 0:00:02]}
Nf6 {[%emt 0:00:02]} 5. d4 {[%emt 0:00:01]} exd4 {[%emt 0:00:01]} 6. e5 {[%emt
0:00:01]} d5 {[%emt 0:00:09]} 7. Bb5 {[%emt 0:00:02]} Ne4 {[%emt 0:00:03]} 8.
cxd4 {[%emt 0:00:01]} Bb4+ {[%emt 0:00:01]} 9. Bd2 {[%emt 0:00:01]} Nxd2 {
[%emt 0:00:03]} 10. Nbxd2 {[%emt 0:00:02]} Bd7 {[%emt 0:00:13]} 11. Bxc6 {
[%emt 0:00:01]} Bxc6 {[%emt 0:00:01]} 12. O-O {[%emt 0:00:14]} Bb5 {[%emt 0:00:
14]} 13. Re1 {[%emt 0:00:01]} O-O {[%emt 0:00:13]} 14. a3 {[%emt 0:00:03]} Bxd2
{[%emt 0:00:08]} 15. Nxd2 {[%emt 0:00:07]} Bd7 {[%emt 0:00:13]} 16. b4 {[%emt
0:00:03]} a5 {[%emt 0:00:05]} 17. Nb3 {[%emt 0:00:05]} axb4 {[%emt 0:00:06]}
18. axb4 {[%emt 0:00:02]} b6 {[%emt 0:00:16]} 19. Rxa8 {[%emt 0:00:10]} Qxa8 {
[%emt 0:00:01]} 20. Qa1 {[%emt 0:00:01]} Qe8 {[%emt 0:00:16]} 21. Qa7 {[%emt 0:
00:17]} Qe7 {[%emt 0:00:15]} 22. Qa3 {[%emt 0:00:34]} Bc6 {[%emt 0:00:18]} 23.
Ra1 {[%emt 0:00:04]} h6 {[%emt 0:00:05]} 24. h3 {[%emt 0:01:09]} Ra8 {[%emt 0:
00:02]} 25. Qc1 {[%emt 0:00:02]} Rxa1 {[%emt 0:00:12]} 26. Nxa1 {[%emt 0:00:02]
} Ba4 {[%emt 0:00:29]} 27. Qc3 {[%emt 0:00:09]} Qd7 {[%emt 0:00:07]} 28. Nc2 {
[%emt 0:00:28]} Qc6 {[%emt 0:00:16]} 29. Qxc6 {[%emt 0:00:03]} Bxc6 {[%emt 0:
00:00]} 30. Ne3 {[%emt 0:00:06]} Kf8 {[%emt 0:00:07]} 31. f4 {[%emt 0:00:07]}
g6 {[%emt 0:00:15]} 32. Kf2 {[%emt 0:00:02]} Ke7 {[%emt 0:00:05]} 33. Kf3 {
[%emt 0:00:08]} h5 {[%emt 0:00:12]} 34. g4 {[%emt 0:00:01]} hxg4+ {[%emt 0:00:
02]} 35. hxg4 {[%emt 0:00:02]} Bb7 {[%emt 0:00:08]} 36. f5 {[%emt 0:00:06]}
gxf5 {[%emt 0:00:05]} 37. Nxf5+ {[%emt 0:00:23]} Ke6 {[%emt 0:00:06]} 38. Kf4 {
[%emt 0:00:03]} Ba6 {[%emt 0:00:10]} 39. Ng7+ {[%emt 0:00:05]} Ke7 {[%emt 0:00:
01]} 40. Nh5 {[%emt 0:00:09]} Ke6 {[%emt 0:00:10]} 41. Ke3 {[%emt 0:00:16]} Bc4
{[%emt 0:00:04]} 42. Nf4+ {[%emt 0:00:02]} Kd7 {[%emt 0:00:05]} 43. Nh3 {[%emt
0:00:12]} Bf1 {[%emt 0:00:07]} 44. Ng5 {[%emt 0:00:02]} Ke7 {[%emt 0:00:02]}
45. Nf3 {[%emt 0:00:08]} Bc4 {[%emt 0:00:06]} 46. Nd2 {[%emt 0:00:03]} Bb5 {
[%emt 0:00:03]} 47. Kf4 {[%emt 0:00:08]} Bd7 {[%emt 0:00:09]} 48. g5 {[%emt 0:
00:12]} Kf8 {[%emt 0:00:01]} 49. Kg3 {[%emt 0:00:02]} Kg7 {[%emt 0:00:01]} 50.
Nf1 {[%emt 0:00:11]} Kg6 {[%emt 0:00:04]} 51. Kf4 {[%emt 0:00:01]} Kh5 {[%emt
0:00:09]} 52. Ne3 {[%emt 0:00:05]} Be6 {[%emt 0:00:09]} 53. Nf5 {[%emt 0:00:03]
} Kg6 {[%emt 0:00:03]} 54. Ne7+ {[%emt 0:00:05]} Kg7 {[%emt 0:00:01]} 55. Nf5+
{[%emt 0:00:07]} Kf8 {[%emt 0:00:03]} 56. Ne3 {[%emt 0:00:04]} Ke7 {[%emt 0:00:
02]} 57. Nf5+ {[%emt 0:00:02]} Kd7 {[%emt 0:00:02]} 58. Nh4 {[%emt 0:00:01]}
Kc6 {[%emt 0:00:02]} 59. g6 {[%emt 0:00:03]} fxg6 {[%emt 0:00:01]} 60. Nxg6 {
[%emt 0:00:00]} Kb5 {[%emt 0:00:10]} 61. Nf8 {[%emt 0:00:01]} Bf7 {[%emt 0:00:
11]} 62. e6 {[%emt 0:00:02]} Be8 {[%emt 0:00:01]} 63. Ke5 {[%emt 0:00:06]} Kc6
{[%emt 0:00:06]} 64. Nh7 {[%emt 0:00:04]} Bg6 {[%emt 0:00:02]} 65. Nf6 {[%emt
0:00:01]} Kb5 {[%emt 0:00:03]} 66. Nxd5 {[%emt 0:00:01]} Kc4 {[%emt 0:00:01]}
67. Nxc7 {[%emt 0:00:01]} Kxb4 {[%emt 0:00:01]} 68. e7 {[%emt 0:00:03]} b5 {
[%emt 0:00:01]} 69. e8=Q {[%emt 0:00:02]} Bxe8 {[%emt 0:00:01]} 70. Nxe8 {
[%emt 0:00:00]} Kc3 {[%emt 0:00:01]} 71. Nc7 {[%emt 0:00:06]} b4 {[%emt 0:00:
00]} 72. Nd5+ {[%emt 0:00:01]} Kc4 {[%emt 0:00:01]} 73. Nxb4 {[%emt 0:00:00]}
Kxb4 {[%emt 0:00:00]} 74. d5 {[%emt 0:00:00]} Kc5 {[%emt 0:00:01]} 75. Ke6 {
[%emt 0:00:01]} Kb6 {[%emt 0:00:01]} 76. d6 {[%emt 0:00:01]} Kc6 {[%emt 0:00:
01]} 77. Ke7 {[%emt 0:00:01] MatildaAB resigns} 1-0

[Event "T-Director's Swiss sytem"]
[Site "playchess.com #662980"]
[Date "2014.03.16"]
[Round "4"]
[White "Pierre-Basile76"]
[Black "TheAngryTiger"]
[Result "1-0"]
[WhiteElo "1780"]
[BlackElo "1661"]
[PlyCount "63"]
[EventDate "2014.03.16"]
[EventType "swiss (blitz)"]

1. e4 {[%emt 0:00:04]} e5 {[%emt 0:00:01]} 2. Nf3 {[%emt 0:00:01]} Nc6 {[%emt
0:00:01]} 3. Bc4 {[%emt 0:00:02]} Nf6 {[%emt 0:00:02]} 4. d4 {[%emt 0:00:08]}
exd4 {[%emt 0:00:02]} 5. e5 {[%emt 0:00:01]} Ne4 {[%emt 0:00:06]} 6. O-O {
[%emt 0:00:02]} d5 {[%emt 0:00:02]} 7. Bb5 {[%emt 0:00:02]} Be7 {[%emt 0:00:09]
} 8. Nxd4 {[%emt 0:00:03]} Bd7 {[%emt 0:00:03]} 9. Bxc6 {[%emt 0:00:01]} bxc6 {
[%emt 0:00:12]} 10. Nd2 {[%emt 0:00:07]} Nxd2 {[%emt 0:00:15]} 11. Bxd2 {[%emt
0:00:02]} O-O {[%emt 0:00:00]} 12. Be3 {[%emt 0:00:01]} c5 {[%emt 0:00:06]} 13.
Nb3 {[%emt 0:00:11]} d4 {[%emt 0:00:16]} 14. Bf4 {[%emt 0:00:04]} a5 {[%emt 0:
00:22]} 15. Qf3 {[%emt 0:00:08]} a4 {[%emt 0:00:14]} 16. Nd2 {[%emt 0:00:03]}
Be6 {[%emt 0:00:08]} 17. Qg3 {[%emt 0:00:12]} Bh4 {[%emt 0:00:09]} 18. Qf3 {
[%emt 0:00:16]} f6 {[%emt 0:00:14]} 19. Qh5 {[%emt 0:00:34]} fxe5 {[%emt 0:00:
08]} 20. Qxe5 {[%emt 0:00:01]} Bd5 {[%emt 0:00:25]} 21. Qxc7 {[%emt 0:00:28]}
Qf6 {[%emt 0:00:29]} 22. Bg3 {[%emt 0:00:08]} Bxg3 {[%emt 0:00:18]} 23. fxg3 {
[%emt 0:00:07]} Qg5 {[%emt 0:00:01]} 24. Qxc5 {[%emt 0:00:33]} Qe3+ {[%emt 0:
00:07]} 25. Kh1 {[%emt 0:00:04]} Bxg2+ {[%emt 0:00:04]} 26. Kxg2 {[%emt 0:00:
02]} Qxd2+ {[%emt 0:00:04]} 27. Kh1 {[%emt 0:00:06]} Rfe8 {[%emt 0:00:49]} 28.
Rad1 {[%emt 0:00:20]} Qe3 {[%emt 0:00:06]} 29. Qd5+ {[%emt 0:00:06]} Kh8 {
[%emt 0:00:03]} 30. Rxd4 {[%emt 0:00:41]} Qe2 {[%emt 0:00:30]} 31. Rdf4 {[%emt
0:00:07]} Qxc2 {[%emt 0:00:17]} 32. Qxa8 {[%emt 0:00:03] Temps} 1-0

[Event "T-Director's Swiss sytem"]
[Site "playchess.com #662980"]
[Date "2014.03.16"]
[Round "9"]
[White "Pikaboom"]
[Black "Bvibcrinworld"]
[Result "0-1"]
[WhiteElo "2026"]
[BlackElo "1949"]
[PlyCount "54"]
[EventDate "2014.03.16"]
[EventType "swiss (blitz)"]

1. e4 {[%emt 0:00:01]} e6 {[%emt 0:00:07]} 2. d4 {[%emt 0:00:11]} d5 {[%emt 0:
00:03]} 3. exd5 {[%emt 0:00:11]} exd5 {[%emt 0:00:04]} 4. Bd3 {[%emt 0:00:05]}
Bd6 {[%emt 0:00:03]} 5. Ne2 {[%emt 0:00:01]} Nf6 {[%emt 0:00:06]} 6. Bg5 {
[%emt 0:00:06]} O-O {[%emt 0:00:05]} 7. Nbc3 {[%emt 0:00:01]} c6 {[%emt 0:00:
04]} 8. Qd2 {[%emt 0:00:01]} Na6 {[%emt 0:00:07]} 9. a3 {[%emt 0:00:06]} Re8 {
[%emt 0:00:06]} 10. O-O {[%emt 0:00:02]} Nc7 {[%emt 0:00:04]} 11. f4 {[%emt 0:
00:22]} h6 {[%emt 0:00:05]} 12. Bh4 {[%emt 0:00:02]} c5 {[%emt 0:00:05]} 13.
dxc5 {[%emt 0:00:16]} Bxc5+ {[%emt 0:00:02]} 14. Kh1 {[%emt 0:00:01]} Bd7 {
[%emt 0:00:44]} 15. Ng3 {[%emt 0:00:04]} Be3 {[%emt 0:00:04]} 16. Qd1 {[%emt 0:
00:14]} g6 {[%emt 0:00:06]} 17. f5 {[%emt 0:00:02]} g5 {[%emt 0:00:04]} 18. Nh5
{[%emt 0:00:24]} gxh4 {[%emt 0:00:04]} 19. Qf3 {[%emt 0:00:12]} Nxh5 {[%emt 0:
00:04]} 20. Qxh5 {[%emt 0:00:02]} Qg5 {[%emt 0:00:04]} 21. Qf3 {[%emt 0:00:01]}
Re5 {[%emt 0:00:06]} 22. Rae1 {[%emt 0:00:07]} Rae8 {[%emt 0:00:05]} 23. Nd1 {
[%emt 0:00:17]} Bc6 {[%emt 0:00:05]} 24. Nxe3 {[%emt 0:00:34]} d4 {[%emt 0:00:
04]} 25. Qh3 {[%emt 0:00:16]} Rxe3 {[%emt 0:00:04]} 26. Rxe3 {[%emt 0:00:01]}
Rxe3 {[%emt 0:00:04]} 27. Rf3 {[%emt 0:00:02]} Rxd3 {[%emt 0:00:11] Pikaboom
abandonne} 0-1

[Event "T-Director's Swiss sytem"]
[Site "playchess.com #662980"]
[Date "2014.03.16"]
[Round "7"]
[White "Pikaboom"]
[Black "Chess-hate"]
[Result "1-0"]
[WhiteElo "2027"]
[BlackElo "1714"]
[PlyCount "69"]
[EventDate "2014.03.16"]
[EventType "swiss (blitz)"]

1. e4 {[%emt 0:00:07]} c5 {[%emt 0:00:00]} 2. c3 {[%emt 0:00:03]} d5 {[%emt 0:
00:02]} 3. exd5 {[%emt 0:00:01]} Qxd5 {[%emt 0:00:00]} 4. d4 {[%emt 0:00:01]}
cxd4 {[%emt 0:00:00]} 5. cxd4 {[%emt 0:00:01]} e5 {[%emt 0:00:01]} 6. Nf3 {
[%emt 0:00:04]} exd4 {[%emt 0:00:01]} 7. Qxd4 {[%emt 0:00:06]} Nf6 {[%emt 0:00:
03]} 8. Nc3 {[%emt 0:00:04]} Qe6+ {[%emt 0:00:08]} 9. Be2 {[%emt 0:00:02]} Nc6
{[%emt 0:00:01]} 10. Qd1 {[%emt 0:00:05]} Bb4 {[%emt 0:00:06]} 11. Bd2 {[%emt
0:00:02]} O-O {[%emt 0:00:04]} 12. O-O {[%emt 0:00:01]} Ne4 {[%emt 0:00:13]}
13. Nxe4 {[%emt 0:00:07]} Qxe4 {[%emt 0:00:02]} 14. Bxb4 {[%emt 0:00:05]} Qxb4
{[%emt 0:00:01]} 15. Qc2 {[%emt 0:00:09]} Bg4 {[%emt 0:00:04]} 16. a3 {[%emt 0:
00:06]} Qb6 {[%emt 0:00:04]} 17. Ng5 {[%emt 0:00:04]} g6 {[%emt 0:00:42]} 18.
Bxg4 {[%emt 0:00:07]} Qd4 {[%emt 0:00:01] Chess-hate propose la nulle} 19. Be2
{[%emt 0:00:09]} Ne5 {[%emt 0:00:14]} 20. Nf3 {[%emt 0:00:02]} Nxf3+ {[%emt 0:
00:01]} 21. Bxf3 {[%emt 0:00:00]} Rac8 {[%emt 0:00:01]} 22. Qe4 {[%emt 0:00:14]
} Qxb2 {[%emt 0:00:04]} 23. Rab1 {[%emt 0:00:01]} Qd2 {[%emt 0:00:03]} 24. Rxb7
{[%emt 0:00:02]} Rfe8 {[%emt 0:00:02]} 25. Qb4 {[%emt 0:00:08]} Qc2 {[%emt 0:
00:14]} 26. Bd5 {[%emt 0:00:04]} Rf8 {[%emt 0:00:08]} 27. h3 {[%emt 0:00:04]}
Qf5 {[%emt 0:00:03]} 28. Qb3 {[%emt 0:00:04]} Rc2 {[%emt 0:00:04]} 29. Bxf7+ {
[%emt 0:00:19]} Kh8 {[%emt 0:00:12]} 30. Be6 {[%emt 0:00:12]} Qxf2+ {[%emt 0:
00:20]} 31. Rxf2 {[%emt 0:00:01]} Rfxf2 {[%emt 0:00:02]} 32. Bd5 {[%emt 0:00:
03]} Rfd2 {[%emt 0:00:10]} 33. Qe3 {[%emt 0:00:03]} Rc1+ {[%emt 0:00:23]} 34.
Kh2 {[%emt 0:00:02]} Rdd1 {[%emt 0:00:01]} 35. Qe5# {[%emt 0:00:03]} 1-0

[Event "T-Director's Swiss sytem"]
[Site "playchess.com #662980"]
[Date "2014.03.16"]
[Round "2"]
[White "Pikaboom"]
[Black "Kenis"]
[Result "1-0"]
[WhiteElo "2012"]
[BlackElo "1492"]
[PlyCount "87"]
[EventDate "2014.03.16"]
[EventType "swiss (blitz)"]

1. e4 {[%emt 0:00:07]} e5 {[%emt 0:00:02]} 2. Nf3 {[%emt 0:00:01]} d6 {[%emt 0:
00:07]} 3. Bc4 {[%emt 0:00:02]} Be7 {[%emt 0:00:02]} 4. c3 {[%emt 0:00:03]} Nf6
{[%emt 0:00:01]} 5. d3 {[%emt 0:00:01]} O-O {[%emt 0:00:02]} 6. O-O {[%emt 0:
00:02]} Bg4 {[%emt 0:00:01]} 7. Nbd2 {[%emt 0:00:02]} a6 {[%emt 0:00:01]} 8.
Re1 {[%emt 0:00:01]} b5 {[%emt 0:00:01]} 9. Bb3 {[%emt 0:00:02]} c5 {[%emt 0:
00:01]} 10. Nf1 {[%emt 0:00:07]} Nbd7 {[%emt 0:00:02]} 11. Ne3 {[%emt 0:00:01]}
Bh5 {[%emt 0:00:02]} 12. h3 {[%emt 0:00:02]} Nb6 {[%emt 0:00:03]} 13. g4 {
[%emt 0:00:01]} Bg6 {[%emt 0:00:02]} 14. Bc2 {[%emt 0:00:03]} Nfd7 {[%emt 0:00:
07]} 15. Kh2 {[%emt 0:00:01]} c4 {[%emt 0:00:07]} 16. d4 {[%emt 0:00:07]} exd4
{[%emt 0:00:14]} 17. cxd4 {[%emt 0:00:05]} Re8 {[%emt 0:00:05]} 18. Nf5 {[%emt
0:00:02]} Bf8 {[%emt 0:00:02]} 19. Bf4 {[%emt 0:00:06]} Nf6 {[%emt 0:00:03]}
20. e5 {[%emt 0:00:17]} dxe5 {[%emt 0:00:03]} 21. Nxe5 {[%emt 0:00:02]} Nbd5 {
[%emt 0:00:11]} 22. Bg3 {[%emt 0:00:09]} Nb4 {[%emt 0:00:04]} 23. Bb1 {[%emt 0:
00:05]} Nbd5 {[%emt 0:00:01]} 24. Qf3 {[%emt 0:00:03]} Bb4 {[%emt 0:00:15]} 25.
Rd1 {[%emt 0:00:03]} c3 {[%emt 0:00:09]} 26. bxc3 {[%emt 0:00:09]} Bxc3 {[%emt
0:00:03]} 27. Be4 {[%emt 0:00:05]} Bxa1 {[%emt 0:00:04]} 28. Rxa1 {[%emt 0:00:
00]} Nxe4 {[%emt 0:00:08]} 29. Qxe4 {[%emt 0:00:02]} f6 {[%emt 0:00:08]} 30.
Rd1 {[%emt 0:00:07]} fxe5 {[%emt 0:00:01]} 31. dxe5 {[%emt 0:00:01]} Bf7 {
[%emt 0:00:06]} 32. Ne3 {[%emt 0:00:03]} Qa5 {[%emt 0:00:48]} 33. Nxd5 {[%emt
0:00:03]} Bxd5 {[%emt 0:00:03]} 34. Qxd5+ {[%emt 0:00:01]} Kh8 {[%emt 0:00:02]}
35. Qb3 {[%emt 0:00:07]} h6 {[%emt 0:00:04]} 36. Rd7 {[%emt 0:00:02]} Rad8 {
[%emt 0:00:03]} 37. Rf7 {[%emt 0:00:07]} Rf8 {[%emt 0:00:05]} 38. Re7 {[%emt 0:
00:13]} Rfe8 {[%emt 0:00:04]} 39. Rb7 {[%emt 0:00:03]} Rb8 {[%emt 0:00:05]} 40.
Rf7 {[%emt 0:00:02]} Rbc8 {[%emt 0:00:33]} 41. e6 {[%emt 0:00:01]} Rc3 {[%emt
0:00:06]} 42. Qd5 {[%emt 0:00:10]} Rc7 {[%emt 0:00:29]} 43. Bxc7 {[%emt 0:00:
04]} Qxc7+ {[%emt 0:00:03]} 44. Rxc7 {[%emt 0:00:02] Kenis abandonne} 1-0

[Event "T-Director's Swiss sytem"]
[Site "playchess.com #662980"]
[Date "2014.03.16"]
[Round "5"]
[White "Pikaboom"]
[Black "Papadosor"]
[Result "0-1"]
[WhiteElo "2022"]
[BlackElo "2372"]
[PlyCount "122"]
[EventDate "2014.03.16"]
[EventType "swiss (blitz)"]

1. e4 {[%emt 0:00:02]} e6 {[%emt 0:00:01]} 2. d4 {[%emt 0:00:01]} d5 {[%emt 0:
00:01]} 3. exd5 {[%emt 0:00:01]} exd5 {[%emt 0:00:01]} 4. Bd3 {[%emt 0:00:08]}
Nf6 {[%emt 0:00:01]} 5. Bg5 {[%emt 0:00:02]} Be7 {[%emt 0:00:02]} 6. Ne2 {
[%emt 0:00:01]} O-O {[%emt 0:00:02]} 7. Nbc3 {[%emt 0:00:01]} c6 {[%emt 0:00:
01]} 8. Qd2 {[%emt 0:00:02]} b5 {[%emt 0:00:02]} 9. O-O {[%emt 0:00:02]} Qc7 {
[%emt 0:00:04]} 10. Ng3 {[%emt 0:00:11]} a5 {[%emt 0:00:09]} 11. Rae1 {[%emt 0:
00:13]} h6 {[%emt 0:00:08]} 12. Bf4 {[%emt 0:00:08]} Bd6 {[%emt 0:00:24]} 13.
Bxd6 {[%emt 0:00:15]} Qxd6 {[%emt 0:00:01]} 14. Bf5 {[%emt 0:00:03]} Nbd7 {
[%emt 0:00:23]} 15. f3 {[%emt 0:00:08]} Ba6 {[%emt 0:00:17]} 16. Bd3 {[%emt 0:
00:11]} b4 {[%emt 0:00:04]} 17. Nd1 {[%emt 0:00:06]} Bxd3 {[%emt 0:00:17]} 18.
Qxd3 {[%emt 0:00:01]} g6 {[%emt 0:00:01]} 19. Ne3 {[%emt 0:00:11]} Rfe8 {[%emt
0:00:10]} 20. Kh1 {[%emt 0:00:13]} Qf4 {[%emt 0:00:26]} 21. Re2 {[%emt 0:00:54]
} Re6 {[%emt 0:00:08]} 22. Rfe1 {[%emt 0:00:01]} Rae8 {[%emt 0:00:02]} 23. Ngf1
{[%emt 0:00:15]} h5 {[%emt 0:00:09]} 24. c3 {[%emt 0:00:23]} c5 {[%emt 0:00:24]
} 25. dxc5 {[%emt 0:00:23]} Nxc5 {[%emt 0:00:02]} 26. Qd4 {[%emt 0:00:02]} Qxd4
{[%emt 0:00:13]} 27. cxd4 {[%emt 0:00:00]} Nd3 {[%emt 0:00:06]} 28. Rd1 {[%emt
0:00:09]} Nf4 {[%emt 0:00:01]} 29. Ree1 {[%emt 0:00:01]} Rc6 {[%emt 0:00:14]}
30. g3 {[%emt 0:00:04]} Ne6 {[%emt 0:00:01]} 31. Rd2 {[%emt 0:00:08]} Rec8 {
[%emt 0:00:09]} 32. Kg2 {[%emt 0:00:03]} Kg7 {[%emt 0:00:07]} 33. h4 {[%emt 0:
00:04]} a4 {[%emt 0:00:07]} 34. b3 {[%emt 0:00:02]} a3 {[%emt 0:00:03]} 35. Rd3
{[%emt 0:00:05]} Kf8 {[%emt 0:00:11]} 36. Kf2 {[%emt 0:00:02]} Ke7 {[%emt 0:00:
01]} 37. Ke2 {[%emt 0:00:01]} Kd6 {[%emt 0:00:01]} 38. Nd2 {[%emt 0:00:04]} Rc3
{[%emt 0:00:24]} 39. Rd1 {[%emt 0:00:05]} Rxd3 {[%emt 0:00:02]} 40. Kxd3 {
[%emt 0:00:01]} Rc3+ {[%emt 0:00:02]} 41. Ke2 {[%emt 0:00:00]} Nxd4+ {[%emt 0:
00:01]} 42. Kf2 {[%emt 0:00:01]} Nc2 {[%emt 0:00:19]} 43. Ndc4+ {[%emt 0:00:06]
} Ke6 {[%emt 0:00:05]} 44. Nxc2 {[%emt 0:00:04]} Rxc2+ {[%emt 0:00:01]} 45. Rd2
{[%emt 0:00:02]} dxc4 {[%emt 0:00:32]} 46. Rxc2 {[%emt 0:00:02]} cxb3 {[%emt 0:
00:01]} 47. axb3 {[%emt 0:00:00]} Nd5 {[%emt 0:00:01]} 48. Rc6+ {[%emt 0:00:12]
} Ke5 {[%emt 0:00:06]} 49. Ra6 {[%emt 0:00:02]} Kd4 {[%emt 0:00:02]} 50. Rc6 {
[%emt 0:00:12]} Kd3 {[%emt 0:00:16]} 51. g4 {[%emt 0:00:03]} Nc3 {[%emt 0:00:
04]} 52. gxh5 {[%emt 0:00:06]} gxh5 {[%emt 0:00:01]} 53. Rb6 {[%emt 0:00:04]}
a2 {[%emt 0:00:02]} 54. Ra6 {[%emt 0:00:04]} Kc2 {[%emt 0:00:01]} 55. Kg3 {
[%emt 0:00:00]} Kxb3 {[%emt 0:00:01]} 56. Kf4 {[%emt 0:00:00]} Nb5 {[%emt 0:00:
03]} 57. Rxa2 {[%emt 0:00:06]} Kxa2 {[%emt 0:00:01]} 58. Kg5 {[%emt 0:00:01]}
b3 {[%emt 0:00:01]} 59. Kxh5 {[%emt 0:00:01]} b2 {[%emt 0:00:01]} 60. Kh6 {
[%emt 0:00:01]} b1=Q {[%emt 0:00:01]} 61. h5 {[%emt 0:00:04]} Qf5 {[%emt 0:00:
03]} 0-1

[Event "T-Director's Swiss sytem"]
[Site "playchess.com #662980"]
[Date "2014.03.16"]
[Round "5"]
[White "Promotioncaval"]
[Black "FoxyMoves2"]
[Result "1-0"]
[WhiteElo "2222"]
[BlackElo "1992"]
[PlyCount "49"]
[EventDate "2014.03.16"]
[EventType "swiss (blitz)"]

1. g4 {[%emt 0:00:02]} d5 {[%emt 0:00:02]} 2. Bg2 {[%emt 0:00:01]} e5 {[%emt 0:
00:01]} 3. c4 {[%emt 0:00:01]} c6 {[%emt 0:00:15]} 4. cxd5 {[%emt 0:00:02]}
cxd5 {[%emt 0:00:01]} 5. Qb3 {[%emt 0:00:01]} e4 {[%emt 0:00:14]} 6. Nc3 {
[%emt 0:00:06]} Ne7 {[%emt 0:00:09]} 7. d3 {[%emt 0:00:12]} exd3 {[%emt 0:00:
29]} 8. Bf4 {[%emt 0:00:02]} Nbc6 {[%emt 0:00:13]} 9. Nb5 {[%emt 0:00:18]} d2+
{[%emt 0:00:11]} 10. Kf1 {[%emt 0:00:13]} Bxg4 {[%emt 0:00:37]} 11. Nd6+ {
[%emt 0:00:40]} Kd7 {[%emt 0:00:09]} 12. Nxf7 {[%emt 0:01:08]} Qb6 {[%emt 0:00:
50]} 13. Nxh8 {[%emt 0:00:04]} Nd4 {[%emt 0:00:33]} 14. Qxb6 {[%emt 0:00:48]}
axb6 {[%emt 0:00:00]} 15. Bxd2 {[%emt 0:00:02]} Ke6 {[%emt 0:00:36]} 16. Nh3 {
[%emt 0:00:15]} Bxe2+ {[%emt 0:00:16]} 17. Ke1 {[%emt 0:00:01]} Bh5 {[%emt 0:
00:14]} 18. Nf4+ {[%emt 0:00:02]} Kf5 {[%emt 0:00:17]} 19. Nxh5 {[%emt 0:00:06]
} Nc2+ {[%emt 0:00:31]} 20. Ke2 {[%emt 0:00:02]} Nxa1 {[%emt 0:00:00]} 21. Bh3+
{[%emt 0:00:02]} Ke5 {[%emt 0:00:01]} 22. Nf7+ {[%emt 0:00:07] .} Kd4 {[%emt 0:
00:01]} 23. Rc1 {[%emt 0:00:09]} Rxa2 {[%emt 0:00:03]} 24. Be3+ {[%emt 0:00:04]
} Ke4 {[%emt 0:00:01]} 25. f3# {[%emt 0:00:01]} 1-0

[Event "T-Director's Swiss sytem"]
[Site "playchess.com #662980"]
[Date "2014.03.16"]
[Round "3"]
[White "Promotioncaval"]
[Black "Fxpodvin"]
[Result "0-1"]
[WhiteElo "2263"]
[BlackElo "1876"]
[PlyCount "52"]
[EventDate "2014.03.16"]
[EventType "swiss (blitz)"]

1. e4 {[%emt 0:00:04]} c5 {[%emt 0:00:02]} 2. Nc3 {[%emt 0:00:02]} g6 {[%emt 0:
00:03]} 3. g3 {[%emt 0:00:01]} Bg7 {[%emt 0:00:01]} 4. Bg2 {[%emt 0:00:11]} Nc6
{[%emt 0:00:00]} 5. d3 {[%emt 0:00:01]} d6 {[%emt 0:00:01]} 6. Be3 {[%emt 0:00:
01]} e5 {[%emt 0:00:02]} 7. Qd2 {[%emt 0:00:01]} Nge7 {[%emt 0:00:01]} 8. Nge2
{[%emt 0:00:00]} O-O {[%emt 0:00:10]} 9. Bh6 {[%emt 0:00:01]} Nd4 {[%emt 0:00:
13]} 10. h4 {[%emt 0:00:06]} Nxc2+ {[%emt 0:00:06]} 11. Kd1 {[%emt 0:00:12]}
Nxa1 {[%emt 0:00:11]} 12. h5 {[%emt 0:00:01]} Bg4 {[%emt 0:00:10]} 13. hxg6 {
[%emt 0:00:13]} fxg6 {[%emt 0:00:23]} 14. Bxg7 {[%emt 0:00:02]} Kxg7 {[%emt 0:
00:00]} 15. Qh6+ {[%emt 0:00:01]} Kf7 {[%emt 0:00:01]} 16. f3 {[%emt 0:00:04]}
Be6 {[%emt 0:00:03]} 17. Qxh7+ {[%emt 0:00:07]} Ke8 {[%emt 0:00:02]} 18. Kd2 {
[%emt 0:00:06]} Qb6 {[%emt 0:00:05]} 19. Kc1 {[%emt 0:00:17]} c4 {[%emt 0:00:
03]} 20. dxc4 {[%emt 0:00:32]} Bxc4 {[%emt 0:00:04]} 21. Qg7 {[%emt 0:00:01]}
Bxe2 {[%emt 0:00:06]} 22. Nxe2 {[%emt 0:00:29]} Qe3+ {[%emt 0:00:09]} 23. Kb1 {
[%emt 0:00:19]} Qxe2 {[%emt 0:00:07]} 24. a3 {[%emt 0:00:09]} Nb3 {[%emt 0:00:
09]} 25. Rh7 {[%emt 0:00:03]} Nd2+ {[%emt 0:00:02]} 26. Kc2 {[%emt 0:00:23]}
Rc8# {[%emt 0:00:03]} 0-1

[Event "T-Director's Swiss sytem"]
[Site "playchess.com #662980"]
[Date "2014.03.16"]
[Round "6"]
[White "Promotioncaval"]
[Black "Kokkinoskoufitsa"]
[Result "0-1"]
[WhiteElo "2229"]
[BlackElo "2127"]
[PlyCount "52"]
[EventDate "2014.03.16"]
[EventType "swiss (blitz)"]

1. g4 {[%emt 0:00:05]} d5 {[%emt 0:00:02]} 2. Bg2 {[%emt 0:00:01]} c6 {[%emt 0:
00:01]} 3. c4 {[%emt 0:00:01]} dxc4 {[%emt 0:00:02]} 4. b3 {[%emt 0:00:01]}
Bxg4 {[%emt 0:00:04]} 5. bxc4 {[%emt 0:00:01]} Qd4 {[%emt 0:00:01]} 6. Nc3 {
[%emt 0:00:05]} Qxc4 {[%emt 0:00:01]} 7. Rb1 {[%emt 0:00:02]} Bc8 {[%emt 0:00:
02]} 8. Nf3 {[%emt 0:00:02]} Nf6 {[%emt 0:00:02]} 9. Ne5 {[%emt 0:00:09]} Qd4 {
[%emt 0:00:07]} 10. Nd3 {[%emt 0:00:15]} Qg4 {[%emt 0:00:03]} 11. Bf3 {[%emt 0:
00:02]} Qh4 {[%emt 0:00:02]} 12. Rb4 {[%emt 0:00:05]} Qh6 {[%emt 0:00:05]} 13.
Nc5 {[%emt 0:00:07]} e5 {[%emt 0:00:03]} 14. d4 {[%emt 0:00:01]} Qh4 {[%emt 0:
00:11]} 15. Ba3 {[%emt 0:00:28]} a5 {[%emt 0:00:30]} 16. Ra4 {[%emt 0:00:08]}
b5 {[%emt 0:00:44]} 17. dxe5 {[%emt 0:00:13]} bxa4 {[%emt 0:00:05]} 18. exf6 {
[%emt 0:00:10]} Qxf6 {[%emt 0:00:07]} 19. N5e4 {[%emt 0:01:07]} Qe5 {[%emt 0:
00:27]} 20. Bxf8 {[%emt 0:00:28]} Rxf8 {[%emt 0:00:00]} 21. Nd6+ {[%emt 0:00:
10]} Ke7 {[%emt 0:00:21]} 22. Nce4 {[%emt 0:00:02]} Na6 {[%emt 0:00:28]} 23.
Rg1 {[%emt 0:00:31]} f5 {[%emt 0:00:43]} 24. Nxc8+ {[%emt 0:00:25]} Raxc8 {
[%emt 0:00:05]} 25. Ng3 {[%emt 0:01:09] .} Rfd8 {[%emt 0:00:21] '} 26. Qxa4 {
[%emt 0:00:02]} Qa1+ {[%emt 0:00:04] Promotioncaval abandonne} 0-1